000 00655nam a2200205 a 4500
001 BRCA_2595
005 20190320203900.0
008 281108s1914----gw-#---###---#000-0#ger-#
050 4 _aNE1030
_b.B83
_c1914
100 1 _aBucherer, Max
_97408
245 1 0 _aDer Original-holzschnitt
_bEine Einfuhrung in sein Wesen v. seine Technik
_cvon Max Bucherer und Fritz Ehlotzky
260 _aMunich
_bE. Reinhardt
_c1914
300 _a122 p.
_bil., láminas, grabados
_c27 cm.
500 _aA67
650 1 4 _aGrabado en madera
_eHistoria
_97409
650 1 4 _aGrabado en madera
_eTécnica
_97409
700 1 _aEhlotzky, Fritz
_97410
902 _aGFM
942 _2lcc
_cB
999 _c2335
_d2335